000 00717nam a2200241Ia 4500
003 OSt
005 20221005090730.0
006 a|||||r|||| 00| 0
007 ta
008 221004b |||||||| |||| 00| 0 eng d
024 _a18929
037 _bGift, 05/06/2015,
_cTextual
040 _aCRL
_cCRL
_beng
041 _2eng
_aeng
082 _aO111,1M74x, H6
100 _aFrost Robert
245 0 _aPoems of Robert Frost
_b With an intrroductionessaythe constant symbol
260 _aNew York
_bModern Library U.S.A
_c1946
300 _axxiv, 445p.
_ccm.
650 _aENGLISH LITERATURE
942 _hO111,1M74x, H6
_cTEXL
_2cc
999 _c996288
_d996288